| 000 | 00751nam a2200205 a 4500 | ||
|---|---|---|---|
| 001 | 23030 | ||
| 003 | CO-ViMGA | ||
| 008 | 141112s2004 ck r 000 u spa d | ||
| 020 | _a9879334906 | ||
| 040 |
_aCO-ViMGA _bspa _cCO-ViMGA |
||
| 082 | 0 | 4 | _aA863.6 B636d |
| 100 | 1 |
_aBodoc, Liliana _933114 |
|
| 245 | 1 | 0 | _aLos dìas del venado |
| 260 |
_aColombia : _bNorma |
||
| 300 | _a322p. | ||
| 505 | _aVuelven las lluvias, La noche del guerrero, Un viajero, Dos visitantes, La cancion del prisionero, Los hechos antiguos, Hacia el norte, El cautiverio, El dia que zarparon las naves, En una casa extraña, El venado y el fuego, El emplumado, El hijo, Oacal | ||
| 650 | 1 | 4 |
_aINDIGENAS NOVELAS _933115 |
| 650 | 1 | 4 |
_aNOVELA ARGENTINA _92131 |
| 942 |
_2ddc _cBK |
||
| 999 |
_c31312 _d31312 |
||